000 00681nam a22002057a 4500
999 _c15205
_d15205
003 AR-CdUCM
008 190426b ||||| |||| 00| 0 spa d
040 _aMUNICIPALIDAD PROVINCIAL DEL CUSCO
_cBIBLIOTECA MUNICIPAL DEL CUSCO
082 _aES / 808 /
_bEN55
110 _aVasco americana
_934238
245 _aCuentos y leyendas /
260 _aBilbao :
_bVasco Americana,
300 _a11 paginas ;
_bIlustraciones, graficos, dinujo
_c20 cm.
500 _aCuentos y leyendas
505 _aContenido: El enano saltarin -- la liebre y la tortuga -- Blanca nieves
650 _aCuentos
_9217
650 _aLeyendas
_92226
942 _2ddc
_cLIBROS
945 _apjha
_d2019-04-26